000 00570nam a2200193Ia 4500
005 20250508162459.0
008 008 250505s9999 xx 000 0 eng d
037 _aTextual
040 _aFEDL
_beng
_cFEDL
041 _aeng
_2eng
084 _a370.733, PAL
_qFEDL
100 _aPaliwal M R
245 0 _aDifferential effectiveness of micro-learning : A research project report
260 _aNew Delhi, India
_bUppal Publishing House
_c1984
300 _a94p.
650 _aEducation
942 _cTEXL
_h370.733, PAL
999 _c1376817
_d1376817